000 00227nam a22001097a 4500
999 _c533634
_d533634
040 _cdlc
082 _a823.914
100 _aRavi Shankar Etteth
_927590
245 _aThe Village of Widows
300 _a355p
942 _2ddc
_cBK